000 01045nam2a2200241 4500
001 RU\NLR\BIBL_A\012425367
005 20250624032127.0
035 _a(NLR Aleph) 012425367
090 _a11847506
_c11847506
100 _a20201222j18741105|||y0rusy50 ca
101 0 _arus
102 _aRU
135 _acrgn 008anaba
200 0 _a1874, № 45 (5 нояб.)
210 _d1874
_aБ. м.
325 1 _aКопия доступна в электронной библиотеке РНБ
461 0 _1001RU\NLR\DRGNLR\4959
_12001#$aТерские ведомости$v1874, № 45 (5 нояб.)
_910645574
_cВладикавказ
_d1868 - 1917
_fРед. С.П.Гортинский
_tТерские ведомости
_v1874, № 45 (5 нояб.)
901 _eГазеты
942 _cISSNP
980 _aNB
981 2 7 _a(27) Периодические издания
_b(27) Газеты